| 000 | 00603nam a2200205 4500 | ||
|---|---|---|---|
| 001 | 125744 | ||
| 003 | ES-MaACL | ||
| 007 | t| | ||
| 008 | 070214s1976 sp r ||||1| spa d | ||
| 100 | 1 |
_aRatzinger, Joseph. _995541 |
|
| 245 | 1 | 0 |
_aIntroducción al cristianismo / _cJoseph Ratzinger ; traducción de José L. Domínguez Villar. |
| 250 | _a3ª. ed. | ||
| 260 |
_aSalamanca : _bSígueme, _c1976. |
||
| 300 |
_a327 p. ; _c19 cm. |
||
| 490 | 1 | _aPedal | |
| 700 | 1 |
_aDomínguez Villar, José L. _945255 |
|
| 830 | 0 |
_aPedal _9181766 |
|
| 852 |
_aES-MaACL _jE-9788 _bR.94262 |
||
| 999 |
_c125744 _d125744 |
||